[Event "Chigorin Memorial 22nd"]
[Site "St Petersburg"]
[Date "2014.10.23"]
[Round "6"]
[White "Kosarev, Aleksey"]
[Black "Khusenkhojaev, Muhammad"]
[Result "0-1"]
[WhiteElo "2237"]
[BlackElo "2416"]
[PlyCount "136"]
[EventDate "2014.10.18"]
[EventType "swiss"]
[EventRounds "9"]
[EventCountry "RUS"]
[SourceTitle "EXT 2015"]
[Source "ChessBase"]
[SourceDate "2014.11.20"]
[SourceVersion "1"]
[SourceVersionDate "2014.11.20"]
[SourceQuality "1"]

1. e4 e5 2. Nf3 Nc6 3. Nc3 Nf6 4. d4 exd4 5. Nxd4 Bb4 6. Nxc6 bxc6 7. Bd3 d5 8. exd5 cxd5 9. 0-0 0-0 10. Bg5 c6 11. Qf3 Re8 12. h3 Bd6 13. Rfe1 Be5 14. Bf4 Bxf4 15. Qxf4 Be6 16. Ne2 c5 17. c4 dxc4 18. Bxc4 Bxc4 19. Qxc4 Qd2 20. Kf1 Qxb2 21. Rab1 Qe5 22. Ng3 Qc7 23. Rec1 Re5 24. Rb5 Nd7 25. Ne4 a6 26. Rb2 Nb6 27. Qc2 c4 28. Rcb1 Nd7 29. Rb4 Rc8 30. Rc1 Nb6 31. Qb1 Re6 32. Kg1 h6 33. a3 Qc6 34. f3 Qc7 35. Kh1 Rc6 36. Rd1 Rd8 37. Rc1 Nd5 38. Rb7 Qc8 39. Nc3 Nf4 40. Re1 Rg6 41. g4 Re6 42. Rxe6 Nxe6 43. Qb6 Re8 44. a4 Qd8 45. Qxd8 Rxd8 46. Rb4 Rd4 47. Kg1 Ng5 48. Kg2 Rd2+ 49. Kg3 Rd3 50. Rxc4 Rxf3+ 51. Kg2 Rxh3 52. Ne4 Ra3 53. Nc5 Ne6 54. Nxa6 Kf8 55. Kf2 Ke8 56. Nb8 g6 57. Nc6 Nd8 58. Nxd8 Kxd8 59. Rb4 Ke7 60. Rb7+ Kf6 61. Rb4 Kg5 62. Kg2 h5 63. gxh5 Kxh5 64. Rb5+ f5 65. a5 Kg4 66. Rb6 Ra2+ 67. Kf1 g5 68. a6 f4 0-1

[Event "Chigorin Memorial 22nd"]
[Site "St Petersburg"]
[Date "2014.10.19"]
[Round "2"]
[White "Kosarev, Aleksey"]
[Black "Gochelashvili, David"]
[Result "0-1"]
[WhiteElo "2237"]
[BlackElo "2427"]
[PlyCount "62"]
[EventDate "2014.10.18"]
[EventType "swiss"]
[EventRounds "9"]
[EventCountry "RUS"]
[SourceTitle "EXT 2015"]
[Source "ChessBase"]
[SourceDate "2014.11.20"]
[SourceVersion "1"]
[SourceVersionDate "2014.11.20"]
[SourceQuality "1"]

1. e4 g6 2. d4 Bg7 3. c4 c5 4. d5 d6 5. Nc3 e6 6. Bd3 Ne7 7. h3 0-0 8. Nf3 h6 9. 0-0 g5 10. dxe6 Bxe6 11. Be3 Nbc6 12. Qd2 Ng6 13. Rfd1 Nce5 14. Nxe5 Bxe5 15. Nd5 Bxd5 16. exd5 f5 17. Rf1 Qf6 18. Qc2 Rae8 19. Rab1 h5 20. b4 b6 21. bxc5 dxc5 22. Bc1 h4 23. Bb2 Nf4 24. Bxe5 Rxe5 25. Rfe1 g4 26. Bf1 gxh3 27. gxh3 Kh7 28. Rxe5 Qxe5 29. Kh1 Rg8 30. a4 Kh6 31. Bd3 Qg7 0-1

[Event "Tula Region-ch"]
[Site "Tula"]
[Date "2014.03.15"]
[Round "5"]
[White "Sadovsky, Artem"]
[Black "Kosarev, Aleksey"]
[Result "1/2-1/2"]
[WhiteElo "2268"]
[BlackElo "2062"]
[PlyCount "110"]
[EventDate "2014.03.11"]
[EventType "swiss"]
[EventRounds "9"]
[EventCountry "RUS"]
[SourceTitle "CBM 159 Extra"]
[Source "ChessBase"]
[SourceDate "2014.04.24"]
[SourceVersion "1"]
[SourceVersionDate "2014.04.24"]
[SourceQuality "1"]

1. g3 Nf6 2. Bg2 d5 3. d3 c6 4. e4 dxe4 5. dxe4 Qxd1+ 6. Kxd1 e5 7. f3 Be6 8. Be3 Na6 9. Nd2 Bc5 10. Bxc5 Nxc5 11. Bh3 0-0-0 12. Ke2 Rd7 13. Bxe6 Nxe6 14. Ke3 b5 15. Nh3 Rhd8 16. Nb3 c5 17. Nf2 c4 18. Na5 Kc7 19. a4 a6 20. b3 Nd4 21. Rhc1 c3 22. axb5 axb5 23. b4 Kb6 24. Ra3 Rc7 25. Nd3 Nd7 26. Nb3 Nxb3 27. Rxb3 Ra8 28. Rd1 Ra2 29. Ne1 Nb8 30. Rd6+ Rc6 31. Rd8 Na6 32. Nd3 f6 33. Ra8 Kb7 34. Rg8 Rc7 35. Nc5+ Nxc5 36. bxc5 Rxc2 37. Kd3 Rf2 38. Kxc3 Rxf3+ 39. Kb4 Rxb3+ 40. Kxb3 Rxc5 41. Rxg7+ Rc7 42. Rg8 Kb6 43. Rf8 Rc6 44. Rf7 Kc5 45. Rxh7 Kd4 46. Rh4 Ke3 47. Rg4 Kf3 48. Rh4 Rd6 49. Kb4 Rb6 50. Kc3 b4+ 51. Kb3 Ke2 52. g4 Kf3 53. Rh3+ Kf2 54. Rh6 Kf3 55. h3 Kf4 1/2-1/2